=LDR 00000nam 2200000 4500 =001 NUTBA000000000004852 =005 20240722013133 =035 ##$$a 0010-101400000000082 =008 240722################g##########0#ind## =020 ##$$a 978-979-8123-07-5 =040 ##$$a NBPDMAT =090 ##$$a 523.2 $b Tim m =100 ##$$a Tim Cahaya =245 1#$$a Mengenal tata surya /$c Tim Cahaya =260 ##$$a Jakarta :$b Nobel,$c 2008 =300 ##$$a vii, 45 hlm. : $b ilus. ; $c 25 cm =500 ##$$a Bibliografi : hlm. 45 =650 #4$$a Tata Surya =850 ##$$a NBPDMAT =082 ##$$a 523.2 =084 ##$$a 523.2 TIM m =990 ##$$a 21413127 =990 ##$$a 21413128 =990 ##$$a 21413129 =990 ##$$a 21413130 =990 ##$$a 21413131 =990 ##$$a 0001/BPAP-NTB/2016